000 00583nam a2200205 i 4500
001 18139
003 ES-MaACL
005 20230906151751.0
007 t|
008 010823s2000 sp ||||1| spa d
020 _a84-7426-489-8
080 _a338.439.053.3
245 0 0 _aGeopolítica del hambre
_b: 2000: las hambrunas exhibidas /
_cAcción contra el Hambre.
250 _a1ª ed.
260 _aBarcelona :
_bIcaria,
_c2000.
300 _a140 p. ;
_c24 cm.
650 1 4 _aHambre.
_913292
710 2 _aAcción contra el hambre.
_91247
852 _aES-MaACL
_jL-24874
_bR.129992
999 _c18139
_d18139